[Event "41. Torneo Internacional de La Roda"]
[Site "La Roda ESP"]
[Date "2014.04.17"]
[Round "2.5"]
[White "Strikovic, Aleksa"]
[Black "Lopez Mulet, Inigo"]
[Result "1-0"]
[WhiteElo "2533"]
[BlackElo "2149"]
[PlyCount "87"]
[EventDate "2014.04.16"]
[EventType "swiss"]
[EventRounds "9"]
[EventCountry "ESP"]
[Source "lmi"]
[SourceDate "2014.04.16"]

1. d4 e6 2. Nf3 Nf6 3. g3 d5 4. Bg2 c5 5. O-O cxd4 6. Nxd4 e5 7. Nb3 Nc6 8. Bg5
Be6 9. Nc3 d4 10. Ne4 Be7 11. Nec5 Bxb3 12. Nxb3 O-O 13. e3 dxe3 14. Bxe3 Rc8
15. c3 b6 16. a4 e4 17. Bg5 Nd7 18. Bf4 f5 19. Qd5+ Kh8 20. Rfd1 Nc5 21. Nxc5
Bxc5 22. h4 Qe8 23. b4 Be7 24. Bf1 Qh5 25. Qb5 Bf6 26. Rac1 Ne7 27. Rd7 Qe8 28.
Rxa7 Qxb5 29. Bxb5 Nd5 30. Bd6 Rfd8 31. Bd7 Rxc3 32. Rxc3 Nxc3 33. Bc7 Rf8 34.
Bxb6 Rb8 35. a5 g6 36. Bc6 Ne2+ 37. Kf1 Nd4 38. Bd5 Nb5 39. Ra8 Rxa8 40. Bxa8
Bc3 41. Bc5 Kg7 42. a6 Kf6 43. Bc6 Nc7 44. a7 1-0

[Event "41. Torneo Internacional de La Roda"]
[Site "La Roda ESP"]
[Date "2014.04.17"]
[Round "2.6"]
[White "Silva, Miguel Antonio Neto"]
[Black "Maiorov, Nikita"]
[Result "1/2-1/2"]
[WhiteElo "2147"]
[BlackElo "2522"]
[PlyCount "95"]
[EventDate "2014.04.16"]
[EventType "swiss"]
[EventRounds "9"]
[EventCountry "ESP"]
[Source "lmi"]
[SourceDate "2014.04.16"]

1. d4 Nf6 2. c4 e6 3. Nf3 b6 4. g3 Bb7 5. Bg2 Be7 6. O-O O-O 7. d5 exd5 8. Nh4
Ne4 9. cxd5 Nd6 10. Nf3 Na6 11. Nc3 f5 12. Nd4 Bf6 13. Bf4 Nc5 14. Rc1 a5 15.
Ncb5 Nxb5 16. Nxb5 Bxb2 17. Rxc5 bxc5 18. Qb3 Qf6 19. d6+ Kh8 20. Bxb7 Rab8 21.
Nxc7 Be5 22. Bxe5 Qxe5 23. Qd5 Qxe2 24. Na6 Rbd8 25. Nxc5 f4 26. Ba6 Qg4 27.
Re1 fxg3 28. hxg3 Rf5 29. Qe4 Qxe4 30. Nxe4 g5 31. Be2 Re5 32. Bg4 Kg7 33. f3
Kg6 34. Kf2 Rb5 35. Re2 h5 36. Bh3 Re5 37. f4 gxf4 38. gxf4 Rd5 39. Rc2 Re8 40.
Rc4 Rd8 41. Rc5 Rd3 42. Bf5+ Kg7 43. Rxa5 h4 44. Ke2 Rd4 45. Re5 Kf8 46. Re7
Rxd6 47. Rh7 Ra6 48. Rh8+ 1/2-1/2

[Event "41. Torneo Internacional de La Roda"]
[Site "La Roda ESP"]
[Date "2014.04.17"]
[Round "2.7"]
[White "Del Rio De Angelis, Salvador G"]
[Black "Aranaz Portugues, Jose Carlos"]
[Result "1-0"]
[WhiteElo "2507"]
[BlackElo "2140"]
[PlyCount "49"]
[EventDate "2014.04.16"]
[EventType "swiss"]
[EventRounds "9"]
[EventCountry "ESP"]
[Source "lmi"]
[SourceDate "2014.04.16"]

1. d4 e6 2. c4 Bb4+ 3. Bd2 a5 4. Nc3 Nf6 5. e3 d6 6. Bd3 Nc6 7. Nge2 e5 8. a3
Bxc3 9. Bxc3 Bg4 10. f3 Bh5 11. d5 Ne7 12. e4 Nd7 13. O-O g5 14. Qd2 Nc5 15.
Bc2 a4 16. Qxg5 Bg6 17. Bb4 b6 18. Nc3 Qd7 19. Rae1 Rg8 20. Qf6 Bh5 21. Kh1
O-O-O 22. Qh4 Bg6 23. Bxc5 bxc5 24. Bxa4 c6 25. dxc6 1-0

[Event "41. Torneo Internacional de La Roda"]
[Site "La Roda ESP"]
[Date "2014.04.17"]
[Round "2.8"]
[White "Nicolas Zapata, Javier"]
[Black "Forcen Esteban, Daniel"]
[Result "0-1"]
[WhiteElo "2131"]
[BlackElo "2498"]
[PlyCount "118"]
[EventDate "2014.04.16"]
[EventType "swiss"]
[EventRounds "9"]
[EventCountry "ESP"]
[Source "lmi"]
[SourceDate "2014.04.16"]

1. e4 e6 2. d4 d5 3. Nd2 Be7 4. e5 c5 5. Qg4 Kf8 6. dxc5 Nd7 7. Ngf3 h5 8. Qg3
h4 9. Qf4 g5 10. Qd4 Bxc5 11. Qg4 f6 12. Nb3 Nh6 13. Nxc5 Qa5+ 14. Bd2 Qxc5 15.
Qxe6 g4 16. Nxh4 Ng8 17. Ng6+ Kg7 18. Nxh8 Nxe5 19. Qe8 Qxc2 20. Be2 Qe4 21.
Kf1 Kxh8 22. Rc1 Nc4 23. Qh5+ Kg7 24. Bxc4 dxc4 25. Bc3 Bf5 26. Re1 Qd5 27. Kg1
Qd7 28. h3 gxh3 29. gxh3 Bg6 30. Qg4 Qc7 31. Qg3 Qf7 32. Qe3 Qc7 33. Rh2 Re8
34. Qg3 Rxe1+ 35. Bxe1 Qe7 36. Bc3 Qe4 37. Rg2 Nh6 38. Qc7+ Nf7 39. Qd7 a6 40.
a3 b5 41. Qd4 Qf5 42. Qg4 Qb1+ 43. Kh2 Qd3 44. h4 Kh6 45. h5 Ng5 46. hxg6 Nf3+
47. Qxf3 Qxf3 48. g7 Qh5+ 49. Kg1 Qd1+ 50. Kh2 Qh5+ 51. Kg1 Qd1+ 52. Be1 Qxe1+
53. Kh2 Qe5+ 54. Rg3 Qxg3+ 55. Kxg3 Kxg7 56. Kf4 Kf7 57. Ke4 Ke6 58. Kd4 Kd6
59. Ke4 Kc5 0-1

[Event "41. Torneo Internacional de La Roda"]
[Site "La Roda ESP"]
[Date "2014.04.17"]
[Round "2.9"]
[White "Paunovic, Dragan"]
[Black "Garcia Ramos, Marcos"]
[Result "1-0"]
[WhiteElo "2497"]
[BlackElo "2126"]
[PlyCount "71"]
[EventDate "2014.04.16"]
[EventType "swiss"]
[EventRounds "9"]
[EventCountry "ESP"]
[Source "lmi"]
[SourceDate "2014.04.16"]

1. Nf3 Nf6 2. g3 d5 3. Bg2 Bf5 4. O-O e6 5. d3 h6 6. c4 Nbd7 7. cxd5 exd5 8. e4
dxe4 9. dxe4 Bxe4 10. Nc3 Bc6 11. Re1+ Be7 12. Qe2 Nc5 13. Bf4 Ne6 14. Rad1 Qc8
15. Nd4 Bxg2 16. Nxe6 fxe6 17. Kxg2 c6 18. Qc4 Kf7 19. Be5 Rd8 20. Rxd8 Bxd8
21. Qf4 Kg8 22. Ne4 Nxe4 23. Rxe4 Bg5 24. Qg4 Qf8 25. h4 Bf6 26. Rf4 Kf7 27.
Qf3 Ke7 28. Rb4 b6 29. Rf4 Rc8 30. Bxf6+ gxf6 31. Qa3+ Kf7 32. Qxa7+ Qe7 33.
Qxb6 c5 34. Qb3 Qd6 35. Qf3 f5 36. Rxf5+ 1-0

[Event "41. Torneo Internacional de La Roda"]
[Site "La Roda ESP"]
[Date "2014.04.17"]
[Round "2.10"]
[White "Ribeiro, Jose"]
[Black "Plaskett, H James"]
[Result "0-1"]
[WhiteElo "2125"]
[BlackElo "2496"]
[PlyCount "88"]
[EventDate "2014.04.16"]
[EventType "swiss"]
[EventRounds "9"]
[EventCountry "ESP"]
[Source "lmi"]
[SourceDate "2014.04.16"]

1. d4 Nf6 2. c4 e6 3. Nc3 Bb4 4. Bg5 c5 5. d5 h6 6. Bh4 b5 7. cxb5 exd5 8. a3
Ba5 9. e3 Bb7 10. Nf3 d6 11. Bd3 Nbd7 12. O-O Qe7 13. Bf5 Bxc3 14. bxc3 Nb6 15.
a4 g6 16. Bc2 Rd8 17. a5 Nc4 18. Nd2 g5 19. Bg3 h5 20. Nxc4 dxc4 21. a6 Ba8 22.
f3 h4 23. Bf2 g4 24. e4 g3 25. hxg3 hxg3 26. Bxg3 Nh5 27. Bh2 Rg8 28. Qd2 Qh4
29. b6 axb6 30. Ba4+ Ke7 31. Rad1 Rg6 32. Qf2 Ng3 33. Bxg3 Rxg3 34. Qd2 Kf8 35.
Rf2 Kg7 36. Kf1 d5 37. exd5 Rxd5 38. Qxd5 Bxd5 39. Rxd5 Qh1+ 40. Ke2 Qa1 41.
Bb5 Qb2+ 42. Rd2 Qxb5 43. Ra2 Qd7 44. Ke1 Qa7 0-1

[Event "41. Torneo Internacional de La Roda"]
[Site "La Roda ESP"]
[Date "2014.04.17"]
[Round "2.11"]
[White "Arribas Lopez, Angel"]
[Black "Abella Vazquez, Cesar"]
[Result "1-0"]
[WhiteElo "2476"]
[BlackElo "2124"]
[PlyCount "65"]
[EventDate "2014.04.16"]
[EventType "swiss"]
[EventRounds "9"]
[EventCountry "ESP"]
[Source "lmi"]
[SourceDate "2014.04.16"]

1. Nf3 d5 2. e3 Nf6 3. c4 c6 4. Nc3 a6 5. b3 Bg4 6. h3 Bxf3 7. Qxf3 e5 8. Qg3
Nbd7 9. Bb2 Qa5 10. a3 Qc7 11. b4 Qd6 12. Be2 h5 13. h4 Qe6 14. Qh3 Qxh3 15.
Rxh3 Bd6 16. d3 O-O 17. c5 Bc7 18. Rh1 g6 19. Kd2 Rfd8 20. Kc2 Nf8 21. Nb1 N6d7
22. Nd2 Ne6 23. g4 hxg4 24. Bxg4 Ng7 25. h5 Nf6 26. Rag1 gxh5 27. Bxh5 Kf8 28.
Bd1 Nge8 29. Rg5 Nd7 30. Nf3 a5 31. Nh4 f6 32. Rg2 Ng7 33. Rhg1 1-0

[Event "41. Torneo Internacional de La Roda"]
[Site "La Roda ESP"]
[Date "2014.04.17"]
[Round "2.12"]
[White "Martin Garcia, Guillermo"]
[Black "Campora, Daniel H"]
[Result "0-1"]
[WhiteElo "2121"]
[BlackElo "2458"]
[PlyCount "102"]
[EventDate "2014.04.16"]
[EventType "swiss"]
[EventRounds "9"]
[EventCountry "ESP"]
[Source "lmi"]
[SourceDate "2014.04.16"]

1. e4 e5 2. Nf3 Nc6 3. Bb5 a6 4. Ba4 Nf6 5. d3 d6 6. c3 Be7 7. O-O O-O 8. Nbd2
b5 9. Bb3 Na5 10. Bc2 c5 11. Re1 Re8 12. Nf1 Bf8 13. h3 Bb7 14. Ng3 g6 15. Nh2
Bg7 16. Be3 Qc7 17. Qf3 h5 18. Rac1 c4 19. d4 h4 20. Ngf1 d5 21. dxe5 dxe4 22.
Qf4 Nd5 23. Qxh4 Nxe3 24. Nxe3 Qxe5 25. Nhg4 Qe7 26. Qg3 Kh7 27. Nf1 f5 28.
Ngh2 Bh6 29. Rcd1 Rad8 30. Rxd8 Qxd8 31. Rd1 Qe7 32. Qd6 Qf7 33. Ne3 Nc6 34.
Qc5 Ne5 35. Nhf1 Nd3 36. Bxd3 cxd3 37. a4 bxa4 38. Qd4 Bc6 39. Nc4 Qd7 40. Qf6
Re6 41. Qh4 Qe7 42. Qxe7+ Rxe7 43. g3 Bd5 44. Nce3 Bb3 45. Ra1 Rb7 46. Nd2 Bxe3
47. fxe3 Bf7 48. Rxa4 Rxb2 49. Nf1 Bb3 50. Rb4 a5 51. Rb7+ Kh6 0-1

[Event "41. Torneo Internacional de La Roda"]
[Site "La Roda ESP"]
[Date "2014.04.17"]
[Round "2.13"]
[White "Rubio Mejia, Luis Ignacio"]
[Black "Sanchez Dengra, Jose Maria"]
[Result "1-0"]
[WhiteElo "2457"]
[BlackElo "2120"]
[PlyCount "61"]
[EventDate "2014.04.16"]
[EventType "swiss"]
[EventRounds "9"]
[EventCountry "ESP"]
[Source "lmi"]
[SourceDate "2014.04.16"]

1. d4 Nf6 2. c4 e6 3. Nf3 c5 4. d5 d6 5. Nc3 exd5 6. cxd5 g6 7. Nd2 Nbd7 8. e4
Bg7 9. Be2 O-O 10. O-O Re8 11. a4 Ne5 12. Qc2 Qe7 13. Ra3 g5 14. Re1 h6 15. Nf1
Ng6 16. Bb5 Bd7 17. Ng3 Rad8 18. Bd2 Nh4 19. Nd1 Bxb5 20. axb5 b6 21. Bc3 Ng4
22. Bxg7 Kxg7 23. f3 Ne5 24. Ne3 Qd7 25. Ngf5+ Nxf5 26. Nxf5+ Kg6 27. f4 gxf4
28. Qe2 Rg8 29. Rh3 f3 30. Rxh6+ Kg5 31. Qe3+ 1-0

[Event "41. Torneo Internacional de La Roda"]
[Site "La Roda ESP"]
[Date "2014.04.17"]
[Round "2.14"]
[White "Antoli Royo, Joaquin Miguel"]
[Black "Alcoba, Pablo Alejandro"]
[Result "1-0"]
[WhiteElo "2410"]
[BlackElo "2116"]
[PlyCount "143"]
[EventDate "2014.04.16"]
[EventType "swiss"]
[EventRounds "9"]
[EventCountry "ESP"]
[Source "lmi"]
[SourceDate "2014.04.16"]

1. e4 e5 2. Bc4 Bc5 3. Nc3 Nc6 4. Qg4 g6 5. Qg3 d6 6. Nf3 Nd4 7. Nxd4 Bxd4 8.
d3 Be6 9. Nd5 h6 10. c3 c6 11. cxd4 cxd5 12. exd5 Bxd5 13. O-O Bxc4 14. dxc4
Ne7 15. dxe5 O-O 16. e6 Kh7 17. Re1 Nf5 18. Qc3 fxe6 19. Rxe6 Rf7 20. Qd3 Qd7
21. Re2 Qc6 22. b3 Rd8 23. Bb2 d5 24. cxd5 Rxd5 25. Qc3 Qxc3 26. Bxc3 Rc5 27.
Be5 g5 28. Rae1 Rc6 29. f3 a6 30. Bb2 Rg6 31. Re8 Rg8 32. R8e6 Rg6 33. R6e5 h5
34. Rd1 g4 35. fxg4 hxg4 36. Rf1 Rg5 37. Re8 Rg8 38. Re4 g3 39. Ref4 gxh2+ 40.
Kxh2 Rgf8 41. Ba3 Rh8 42. Kg1 Kg6 43. Re1 Rfh7 44. Kf2 Rc8 45. Re2 Rf7 46. Kg1
Rc6 47. Re8 Nh6 48. Rxf7 Nxf7 49. Rg8+ Kf6 50. Rb8 Rc7 51. Bb4 Kf5 52. Kh2 Rd7
53. Re8 Ne5 54. Rf8+ Ke4 55. Rg8 Kf4 56. Rf8+ Ke4 57. Ba5 Nc6 58. Bc3 Kd3 59.
Bf6 Nb4 60. g4 Nd5 61. g5 Ke4 62. Kg3 Kf5 63. Kf3 Kg6 64. Kg4 Ne3+ 65. Kf4 Nd5+
66. Ke5 Nc7 67. Rg8+ Kh5 68. Kf5 Kh4 69. g6+ Kg3 70. Be5+ Kf3 71. Bxc7 Rxc7 72.
Rf8 1-0

[Event "41. Torneo Internacional de La Roda"]
[Site "La Roda ESP"]
[Date "2014.04.17"]
[Round "2.15"]
[White "Fernandez Rodriguez, Jose A"]
[Black "Suba, Mihai"]
[Result "0-1"]
[WhiteElo "2120"]
[BlackElo "2401"]
[PlyCount "82"]
[EventDate "2014.04.16"]
[EventType "swiss"]
[EventRounds "9"]
[EventCountry "ESP"]
[Source "lmi"]
[SourceDate "2014.04.16"]

1. e4 c5 2. d4 cxd4 3. c3 dxc3 4. Nxc3 Nc6 5. Nf3 e6 6. Bc4 a6 7. O-O Nge7 8.
Qe2 Ng6 9. Rd1 d6 10. Be3 Bd7 11. Rac1 Be7 12. Qd2 b5 13. Be2 Qb8 14. Bg5 h6
15. Bxe7 Kxe7 16. h4 Rd8 17. h5 Nge5 18. Qf4 Be8 19. Nh4 Qa7 20. Nd5+ Kf8 21.
Nf6 Qe7 22. Nxe8 Kxe8 23. Qh2 Qa7 24. Qg3 Kf8 25. Kh2 Nd4 26. Bf1 Rac8 27. f4
Rxc1 28. Rxc1 Nd7 29. f5 e5 30. Nf3 Nf6 31. Qh4 Nxf3+ 32. gxf3 Qe3 33. Rc3 Qd2+
34. Kg1 Qxb2 35. Qe1 Qxa2 36. Qc1 Qa5 37. Rc7 Kg8 38. Qc6 Qa3 39. Qb6 Qxf3 40.
Rxf7 Qg3+ 41. Kh1 Rc8 0-1

[Event "41. Torneo Internacional de La Roda"]
[Site "La Roda ESP"]
[Date "2014.04.17"]
[Round "2.16"]
[White "Dias, Paulo"]
[Black "Perez Garcia, Alejandro"]
[Result "1-0"]
[WhiteElo "2401"]
[BlackElo "2102"]
[PlyCount "119"]
[EventDate "2014.04.16"]
[EventType "swiss"]
[EventRounds "9"]
[EventCountry "ESP"]
[Source "lmi"]
[SourceDate "2014.04.16"]

1. d4 d5 2. Nf3 Nf6 3. c4 c6 4. Nc3 e6 5. e3 Nbd7 6. Qc2 Bd6 7. b3 O-O 8. Bb2
a6 9. Be2 b5 10. O-O Qe7 11. e4 e5 12. exd5 e4 13. dxc6 exf3 14. Bxf3 Nb6 15.
c5 Bxc5 16. Rfe1 Be6 17. dxc5 Qxc5 18. Rac1 Rac8 19. Nd5 Qxc2 20. Nxf6+ gxf6
21. Rxc2 Bd5 22. Bxf6 Bxf3 23. Re5 Rfe8 24. gxf3 Rxe5 25. Bxe5 f6 26. Bg3 Kf7
27. c7 Nd5 28. Rc6 f5 29. Rd6 f4 30. Rxd5 fxg3 31. Rd7+ Ke6 32. Rxh7 gxh2+ 33.
Kxh2 Kf5 34. Rf7+ Kg6 35. Rd7 Kf5 36. Kg2 Ke6 37. Rh7 Ke5 38. Kf1 Kd4 39. Rd7+
Kc3 40. f4 Kb4 41. f5 Kc5 42. f6 Kc6 43. Rg7 Rf8 44. Re7 Kd6 45. Ke2 a5 46. Ke3
a4 47. b4 a3 48. Ke4 Rh8 49. f4 Rc8 50. Kf5 Rf8 51. Kg6 Rg8+ 52. Kf7 Ra8 53. f5
Kd5 54. Rd7+ Kc6 55. Ke7 Rh8 56. f7 Rc8 57. f6 Rh8 58. Rd8 Rxd8 59. cxd8=Q Kb7
60. Qd6 1-0

[Event "41. Torneo Internacional de La Roda"]
[Site "La Roda ESP"]
[Date "2014.04.17"]
[Round "2.17"]
[White "Sanchez Carrasco, Fco. Javier"]
[Black "Ramiro Ovejero, Juan Luis"]
[Result "0-1"]
[WhiteElo "2111"]
[BlackElo "2382"]
[PlyCount "64"]
[EventDate "2014.04.16"]
[EventType "swiss"]
[EventRounds "9"]
[EventCountry "ESP"]
[Source "lmi"]
[SourceDate "2014.04.16"]

1. c4 e5 2. Nc3 Bb4 3. g3 Bxc3 4. dxc3 d6 5. Bg2 Nc6 6. Nf3 Be6 7. b3 f6 8. Nd2
Qd7 9. h3 Nge7 10. e4 O-O 11. Qe2 Nd8 12. Bb2 c6 13. O-O-O b5 14. cxb5 cxb5 15.
Kb1 a5 16. Nf1 b4 17. c4 a4 18. Ne3 Nb7 19. f4 axb3 20. axb3 Nc6 21. Nf5 g6 22.
Nh6+ Kg7 23. Ng4 Qe7 24. Qe3 Nc5 25. Rhf1 Bxg4 26. hxg4 Ra3 27. g5 Rxb3 28.
gxf6+ Rxf6 29. fxe5 Nxe5 30. Qg5 Na4 31. Rf2 Rxb2+ 32. Rxb2 Nxb2 0-1

[Event "41. Torneo Internacional de La Roda"]
[Site "La Roda ESP"]
[Date "2014.04.17"]
[Round "2.18"]
[White "Garcia, Jhoel"]
[Black "Serarols Mabras, Bernat"]
[Result "1-0"]
[WhiteElo "2367"]
[BlackElo "2101"]
[PlyCount "49"]
[EventDate "2014.04.16"]
[EventType "swiss"]
[EventRounds "9"]
[EventCountry "ESP"]
[Source "lmi"]
[SourceDate "2014.04.16"]

1. g3 d5 2. Bg2 Nf6 3. c4 e6 4. Nf3 Be7 5. O-O O-O 6. b3 c5 7. Bb2 Nc6 8. cxd5
exd5 9. d4 b6 10. Nc3 Bb7 11. Rc1 Rc8 12. dxc5 d4 13. Nxd4 Qxd4 14. Qxd4 Nxd4
15. Bxb7 Rxc5 16. e3 Rc7 17. Bg2 Rxc3 18. Bxc3 Ne2+ 19. Kh1 Nxc1 20. Rxc1 Ba3
21. Rd1 Rc8 22. Rd3 Kf8 23. Bf3 Ke7 24. Kg2 Bd6 25. h3 1-0

[Event "41. Torneo Internacional de La Roda"]
[Site "La Roda ESP"]
[Date "2014.04.17"]
[Round "2.19"]
[White "Plazuelo Pascual, Juan"]
[Black "Aguera Naredo, Javier"]
[Result "0-1"]
[WhiteElo "2093"]
[BlackElo "2362"]
[PlyCount "62"]
[EventDate "2014.04.16"]
[EventType "swiss"]
[EventRounds "9"]
[EventCountry "ESP"]
[Source "lmi"]
[SourceDate "2014.04.16"]

1. d4 g6 2. c4 Bg7 3. Nc3 Nf6 4. e4 d6 5. f3 O-O 6. Be3 a6 7. Qd2 Nbd7 8. Nh3
c5 9. d5 b5 10. cxb5 Qa5 11. Nf2 Nb6 12. Be2 Nfd7 13. bxa6 Bxa6 14. Bxa6 Rxa6
15. Qc2 Nc4 16. Bd2 Rb8 17. b3 Nxd2 18. Kxd2 c4 19. Rab1 Rab6 20. Nfd1 cxb3 21.
axb3 Nc5 22. Ke2 Rxb3 23. Rxb3 Rxb3 24. Na2 Qb5+ 25. Kf2 Nd3+ 26. Kg3 Be5+ 27.
Kh4 e6 28. Ne3 Qb8 29. Nc4 Qd8+ 30. Kh3 Nf4+ 31. Kg3 Qg5+ 0-1

[Event "41. Torneo Internacional de La Roda"]
[Site "La Roda ESP"]
[Date "2014.04.17"]
[Round "2.20"]
[White "Camarena Gimenez, Rufino"]
[Black "Nieves Cabanes, Javier"]
[Result "1-0"]
[WhiteElo "2359"]
[BlackElo "2086"]
[PlyCount "79"]
[EventDate "2014.04.16"]
[EventType "swiss"]
[EventRounds "9"]
[EventCountry "ESP"]
[Source "lmi"]
[SourceDate "2014.04.16"]

1. d4 Nf6 2. c4 e6 3. Nf3 Bb4+ 4. Bd2 Qe7 5. g3 O-O 6. Bg2 Bxd2+ 7. Qxd2 d5 8.
O-O Rd8 9. Qc2 Nc6 10. cxd5 exd5 11. e3 Nb4 12. Qb3 c6 13. a3 Na6 14. Nbd2 Nc7
15. Qc2 Nce8 16. Ne5 Nd6 17. Rae1 Bf5 18. Qc5 Nd7 19. Nxd7 Rxd7 20. f3 Qg5 21.
Rf2 Re8 22. e4 Qg6 23. Rfe2 dxe4 24. fxe4 Bg4 25. Re3 Qh6 26. Nb3 Rde7 27. Nd2
Rd7 28. a4 a6 29. b3 Rde7 30. h3 Bc8 31. g4 Bd7 32. e5 Nc8 33. Ne4 Qg6 34. Ng3
Qg5 35. Be4 h5 36. Nxh5 b6 37. Qc3 c5 38. d5 Bxg4 39. hxg4 Qxg4+ 40. Ng3 1-0

[Event "41. Torneo Internacional de La Roda"]
[Site "La Roda ESP"]
[Date "2014.04.17"]
[Round "3.1"]
[White "Sanchez Saez, Francisco"]
[Black "Peralta, Fernando"]
[Result "0-1"]
[WhiteElo "2298"]
[BlackElo "2615"]
[PlyCount "60"]
[EventDate "2014.04.16"]
[EventType "swiss"]
[EventRounds "9"]
[EventCountry "ESP"]
[Source "lmi"]
[SourceDate "2014.04.16"]

1. e4 c6 2. d4 d5 3. e5 Bf5 4. Nc3 a6 5. g4 Bd7 6. f4 e6 7. Nf3 c5 8. Be3 cxd4
9. Nxd4 Nc6 10. Qf3 Nxd4 11. Bxd4 Ne7 12. O-O-O Nc6 13. Bf2 Qa5 14. Kb1 Bc5 15.
Bg2 Bxf2 16. Qxf2 O-O-O 17. Rhe1 Kb8 18. f5 Bc8 19. a3 Qc7 20. Qg3 Ne7 21. Rf1
exf5 22. Bxd5 Rhf8 23. gxf5 Nxf5 24. Qf4 Rfe8 25. Bxf7 g5 26. Qxg5 Rxd1+ 27.
Rxd1 Qxf7 28. Nd5 Qg7 29. Qh5 Qxe5 30. Nb6 Ne3 0-1

[Event "41. Torneo Internacional de La Roda"]
[Site "La Roda ESP"]
[Date "2014.04.17"]
[Round "3.2"]
[White "Perez Candelario, Manuel"]
[Black "Claros Egea, Christian"]
[Result "1-0"]
[WhiteElo "2561"]
[BlackElo "2288"]
[PlyCount "79"]
[EventDate "2014.04.16"]
[EventType "swiss"]
[EventRounds "9"]
[EventCountry "ESP"]
[Source "lmi"]
[SourceDate "2014.04.16"]

1. e4 e6 2. d4 d5 3. Nd2 Be7 4. c3 c5 5. dxc5 Nf6 6. exd5 Qxd5 7. b4 a5 8. Ngf3
O-O 9. Bc4 Qh5 10. O-O Nd5 11. Bxd5 Qxd5 12. a3 axb4 13. cxb4 Bf6 14. Rb1 e5
15. Qc2 Nc6 16. Bb2 Nd4 17. Nxd4 exd4 18. Qc4 Qf5 19. Bxd4 Be6 20. Qc3 Bxd4 21.
Qxd4 Rfd8 22. Qb2 Rd3 23. Rfe1 h6 24. Ra1 Bd5 25. Nf1 Rb3 26. Qd4 Qg5 27. Ng3
Bc6 28. h4 Qg6 29. Re3 Rxe3 30. Qxe3 Qf6 31. Rd1 Qxh4 32. Rd4 Qf6 33. Rd3 Qa1+
34. Kh2 Bb5 35. Rc3 Re8 36. Qc1 Qa2 37. Qf4 Qd5 38. Re3 Rd8 39. Nf5 Kh7 40. Rh3
1-0

[Event "41. Torneo Internacional de La Roda"]
[Site "La Roda ESP"]
[Date "2014.04.17"]
[Round "3.3"]
[White "Quintin Navarro, Alberto"]
[Black "Burmakin, Vladimir"]
[Result "0-1"]
[WhiteElo "2296"]
[BlackElo "2561"]
[PlyCount "86"]
[EventDate "2014.04.16"]
[EventType "swiss"]
[EventRounds "9"]
[EventCountry "ESP"]
[Source "lmi"]
[SourceDate "2014.04.16"]

1. d4 d5 2. c4 e6 3. Nf3 Nd7 4. g3 dxc4 5. Bg2 Nb6 6. O-O Ne7 7. Ne5 Nf5 8. e3
c5 9. Na3 cxd4 10. Naxc4 Bc5 11. exd4 Bxd4 12. Be3 O-O 13. Bxd4 Nxd4 14. Qh5 g6
15. Qg4 Nxc4 16. Nxc4 e5 17. Qe4 f6 18. f4 Be6 19. b3 Bxc4 20. bxc4 Nc6 21.
fxe5 fxe5 22. Rxf8+ Kxf8 23. Rf1+ Kg7 24. Qb1 Qc7 25. Bd5 Rf8 26. Rxf8 Kxf8 27.
Qe4 Nd8 28. Kg2 b6 29. h4 Nf7 30. h5 Kg7 31. Bxf7 Kxf7 32. h6 Kf6 33. Qh4+ Ke6
34. Qe4 Qd7 35. Qg4+ Kd6 36. Qd1+ Ke7 37. Qxd7+ Kxd7 38. Kf3 Ke7 39. Ke4 Ke6
40. g4 Kd6 41. Kd3 a6 42. a4 Kc5 43. g5 Kd6 0-1

[Event "41. Torneo Internacional de La Roda"]
[Site "La Roda ESP"]
[Date "2014.04.17"]
[Round "3.4"]
[White "Matamoros Franco, Carlos S"]
[Black "Aranaz Murillo, Amalia"]
[Result "1-0"]
[WhiteElo "2537"]
[BlackElo "2279"]
[PlyCount "147"]
[EventDate "2014.04.16"]
[EventType "swiss"]
[EventRounds "9"]
[EventCountry "ESP"]
[Source "lmi"]
[SourceDate "2014.04.16"]

1. c4 c6 2. g3 d5 3. Bg2 Nf6 4. Nf3 Bf5 5. Qb3 Qb6 6. d3 h6 7. Qxb6 axb6 8.
cxd5 cxd5 9. Be3 Nbd7 10. Nd4 Bh7 11. Nb5 Rc8 12. N1c3 e6 13. O-O Bc5 14. Bxc5
Rxc5 15. e4 dxe4 16. dxe4 O-O 17. Rad1 Ne5 18. Rfe1 g5 19. f3 Rb8 20. Kf2 Kf8
21. h3 Ke7 22. Bf1 Nh5 23. Rd4 Bg6 24. Red1 f6 25. Be2 Be8 26. Nd6 Bg6 27. a3
Ng7 28. f4 gxf4 29. gxf4 Nc6 30. R4d2 Bh5 31. Rg1 Kf8 32. e5 Bxe2 33. exf6 Nf5
34. Kxe2 Nxd6 35. Rxd6 Rf5 36. Rg6 Rd8 37. Rxd8+ Nxd8 38. Rxh6 Nf7 39. Rh4 Rxf6
40. Ne4 Rf5 41. Rg4 Rh5 42. Rg3 Rh4 43. Ng5 e5 44. Nxf7 exf4 45. Rg4 Rxh3 46.
Rxf4 Rh2+ 47. Kd3 Rxb2 48. Ne5+ Ke7 49. Rb4 Rh2 50. Nc4 Kd7 51. Rxb6 Kc7 52.
Rb4 Rh4 53. a4 Rg4 54. Rb5 Rh4 55. Kc3 Rg4 56. Kb3 Rh4 57. Na5 Rh3+ 58. Kb2 b6
59. Nc4 Rh6 60. Kb3 Rh3+ 61. Kb4 Rh4 62. Rf5 Rh1 63. Rf7+ Kc6 64. Rf6+ Kb7 65.
Rxb6+ Ka7 66. Rg6 Rh5 67. Na3 Kb7 68. Nb5 Rh4+ 69. Ka5 Rf4 70. Rg7+ Kb8 71. Rd7
Kc8 72. Rd4 Rf6 73. Rd6 Rf4 74. Kb6 1-0

[Event "41. Torneo Internacional de La Roda"]
[Site "La Roda ESP"]
[Date "2014.04.17"]
[Round "3.5"]
[White "Villasenor Rubio, Emilio Jose"]
[Black "Strikovic, Aleksa"]
[Result "0-1"]
[WhiteElo "2283"]
[BlackElo "2533"]
[PlyCount "72"]
[EventDate "2014.04.16"]
[EventType "swiss"]
[EventRounds "9"]
[EventCountry "ESP"]
[Source "lmi"]
[SourceDate "2014.04.16"]

1. d4 d6 2. Nf3 g6 3. c4 Bg7 4. Nc3 e5 5. dxe5 dxe5 6. Qxd8+ Kxd8 7. e4 Nd7 8.
Be3 c6 9. O-O-O Ke7 10. g3 Bh6 11. Bxh6 Nxh6 12. Bh3 f6 13. Rd2 Nc5 14. Bxc8
Raxc8 15. b4 Ne6 16. Rhd1 Rcd8 17. Rxd8 Nxd8 18. Kc2 Ne6 19. c5 Nf7 20. h4 Nh6
21. Rd2 Ng4 22. a3 Rf8 23. Nd1 f5 24. Ne3 Nxe3+ 25. fxe3 fxe4 26. Nxe5 Rf5 27.
Nc4 Rf3 28. Ne5 Rxe3 29. Rd7+ Ke8 30. Rxb7 Nd4+ 31. Kd1 Rxa3 32. Nc4 Rd3+ 33.
Ke1 e3 34. Nd6+ Kf8 35. Rf7+ Kg8 36. Rd7 e2 0-1

[Event "41. Torneo Internacional de La Roda"]
[Site "La Roda ESP"]
[Date "2014.04.17"]
[Round "3.6"]
[White "Congiu, Mathilde"]
[Black "Del Rio De Angelis, Salvador G"]
[Result "0-1"]
[WhiteElo "2281"]
[BlackElo "2507"]
[PlyCount "70"]
[EventDate "2014.04.16"]
[EventType "swiss"]
[EventRounds "9"]
[EventCountry "ESP"]
[Source "lmi"]
[SourceDate "2014.04.16"]

1. e4 Nf6 2. e5 Nd5 3. d4 d6 4. c4 Nb6 5. exd6 exd6 6. Nc3 Nc6 7. Be3 Be7 8. h3
O-O 9. Nf3 Bf5 10. Be2 d5 11. c5 Nc4 12. O-O Nb4 13. Qb3 Nxe3 14. fxe3 Nc2 15.
Nxd5 Nxa1 16. Rxa1 c6 17. Nf4 Qc7 18. Bc4 g5 19. Nd3 Kg7 20. Rf1 Bg6 21. Nde5
Rae8 22. Bd3 b6 23. cxb6 axb6 24. Rc1 c5 25. Bb5 Rd8 26. Qc3 Kg8 27. b4 Qb7 28.
Nc6 Rd5 29. Qc4 Rd6 30. Nxe7+ Qxe7 31. bxc5 bxc5 32. Qxc5 Qxe3+ 33. Kh1 Rd5 34.
Rc3 Rxc5 35. Rxe3 Rxb5 0-1